000
00281nam a22001217a 4500
008
180222b xxu||||| |||| 00| 0 eng d
041
_a
eng
080
_a
31
100
_a
48
101
_a
edu
245
_a
fundamentals of teaching home science
_c
arvinda.ch
942
_2
udc
_c
BK
999
_c
43166
_d
43166